| 000 | 00472nam a2200193Ia 4500 | ||
|---|---|---|---|
| 005 | 20240823014230.0 | ||
| 008 | 240823s9999||||xx |||||||||||||| ||und|| | ||
| 041 | _aENGLISH | ||
| 082 | _A623.8364 P1 | ||
| 100 | _aVazirani V N | ||
| 245 | 0 | _aTransportation Engineering Vol.I | |
| 250 | _a5th | ||
| 260 |
_c2001 _b"Khanna Publishders," _aNew Delhi |
||
| 500 | _aYES | ||
| 650 |
_aTransport _bMechanical |
||
| 700 | _a Chandola S P | ||
| 942 | _cBK | ||
| 999 |
_c169495 _d169495 |
||